Statistiche per Vicecampioni del Mondo di Formula 1

Clicka qui per fare il quiz!

Statistiche generali

  • Questo quiz è stato fatto 26 volte
  • Il punteggio medio è 5 su 7

Statistiche sulle risposte

NazioneNumero di stagioni al secondo postoStagioni al secondo postoRisposta% Corretto
Regno Unito32007, 2016, 2021Lewis Hamilton
100%
Spagna32010, 2012, 2013Fernando Alonso
91%
Germania32009, 2017, 2018Sebastian Vettel
91%
Francia41983, 1984, 1988, 1990Alain Prost
86%
Regno Unito31986, 1987, 1991Nigel Mansell
68%
Regno Unito31963, 1964, 1965Graham Hill
55%
Regno Unito41955, 1956, 1957, 1958Stirling Moss
41%

Distribuzione punteggi

Percentile per numero di risposta

Percentuale di utenti per punteggio

I tuoi punteggi nel tempo

Non hai fatto questo quiz